000 00912nam a22002057a 4500
999 _c7730
_d7730
003 AR-CdUCM
008 190321b ||||| |||| 00| 0 spa d
040 _aMUNICIPALIDAD PROVINCIAL DEL CUSCO
_cBIBLIOTECA MUNICIPAL DEL CUSCO
082 _a581.1 /
_bR84
100 _aRichter, Gerhard
_921834
245 _aFisiología del metabolismo de las plantas :
_bUna introducción a la fisiología y bioquímica del metabolismo primario /
260 _aMéxico :
_bContinental,
_c1972.
300 _a417 paginas ;
_c23 cm.
505 _aContenido :Generalidades de las reacciones metabólicas -- La autotrofia de organismos vegetales -- Economía de iones -- El metabolismo de constituyentes celulares -- Regulaciones en el metabolismo ...
650 _aCiencias naturales
_910176
650 _aGrasas y compuestos grasos
_921835
700 _aMuller, Ludwing (traductor)
_921836
942 _2ddc
_cLIBROS
945 _arum